| 000 | 00455cam a22001571 4500 | ||
|---|---|---|---|
| 082 |
_a940.4 _bNIL |
||
| 100 | 1 |
_aNicholson, W. N. _949633 |
|
| 245 | 1 | 0 |
_aBehind the lines, _cby Colonel W. N. Nicholson. |
| 250 | _a1st ed. | ||
| 260 |
_aLondon, _bJ. Cape _c[1939] |
||
| 300 |
_a320 p. _c21cm. |
||
| 526 |
_a0 _b0 _c0 _d940_400000000000000_NIL |
||
| 650 | 0 |
_aMCE _9379 |
|
| 650 | 0 |
_aWorld War, 1914-1918 _xPersonal narratives, English. _949445 |
|
| 942 |
_2ddc _cBK |
||
| 999 |
_c552417 _d552417 |
||